Statistics for Countries that End in "A" by Continent

Click here to take the quiz!

General Stats

  • This quiz has been taken 64 times
    (27 since last reset)
  • The average score is 66 of 74

Answer Stats

ContinentCountries% Correct
EuropeAlbania
100%
OceaniaAustralia
100%
EuropeAustria
100%
EuropeBosnia and
Herzegovina
100%
North
America
Canada
100%
South
America
Colombia
100%
North
America
Guatemala
100%
South
America
Guyana
100%
AsiaIndia
100%
AsiaIndonesia
100%
AsiaMalaysia
100%
North
America
Panama
100%
AfricaAlgeria
95%
AsiaArmenia
95%
North
America
Costa Rica
95%
EuropeEstonia
95%
North
America
Grenada
95%
EuropeMalta
95%
North
America
Nicaragua
95%
OceaniaSamoa
95%
AfricaSomalia
95%
South
America
Venezuela
95%
AfricaZambia
95%
EuropeAndorra
90%
AfricaAngola
90%
North
America
Antigua and
Barbuda
90%
South
America
Argentina
90%
South
America
Bolivia
90%
EuropeBulgaria
90%
AsiaChina
90%
EuropeCroatia
90%
North
America
Cuba
90%
North
America
Dominica
90%
AfricaGuinea
90%
North
America
Jamaica
90%
EuropeLatvia
90%
EuropeRomania
90%
EuropeRussia
90%
AsiaSaudi Arabia
90%
EuropeSerbia
90%
EuropeSlovakia
90%
AfricaSouth Africa
90%
AfricaUganda
90%
AfricaGambia
86%
EuropeLithuania
86%
AfricaMauritania
86%
EuropeMoldova
86%
AfricaNigeria
86%
AfricaRwanda
86%
North
America
Saint Lucia
86%
EuropeSlovenia
86%
AfricaTanzania
86%
AfricaTunisia
86%
North
America
United States
of America
86%
AsiaCambodia
81%
AfricaEritrea
81%
AfricaEthiopia
81%
OceaniaFederated States
of Micronesia
81%
AsiaGeorgia
81%
AfricaGhana
81%
AfricaKenya
81%
AsiaNorth Korea
81%
OceaniaPapua New
Guinea
81%
AsiaSouth Korea
81%
AsiaSri Lanka
81%
AsiaSyria
81%
OceaniaTonga
81%
AfricaEquatorial
Guinea
76%
AfricaLiberia
76%
AfricaLibya
76%
AsiaMongolia
76%
AfricaNamibia
76%
EuropeNorth Macedonia
76%
AfricaBotswana
67%

Score Distribution

Percentile by Number Answered

Percent of People with Each Score

Your Score History

You have not taken this quiz since the last reset